[Event "1st Qinhuangdao Open"]
[Site "Qinhuangdao CHN"]
[Date "2011.10.03"]
[Round "4"]
[White "Yu, Yangyi"]
[Black "Wang, Chen"]
[Result "0-1"]
[WhiteTitle "GM"]
[BlackTitle "IM"]
[WhiteElo "2646"]
[BlackElo "2454"]
[WhiteFideId "8603820"]
[BlackFideId "8601020"]
[EventDate "2011.10.01"]

1. d4 d5 2. c4 e6 3. Nc3 c5 4. cxd5 cxd4 5. Qa4+ Bd7 6. Qxd4 exd5 7. Qxd5 Nc6 8.
Nf3 Nf6 9. Qd1 Bc5 10. e3 Qe7 11. Be2 O-O-O 12. O-O g5 13. b4 Bxb4 14. Qb3 Kb8
15. Rb1 Be6 16. Qa4 Bf5 17. Bb2 g4 18. Nb5 Bxb1 19. Rxb1 gxf3 20. Bxf3 Ne4 21.
Bxh8 Rxh8 22. Nxa7 Nxa7 23. Rxb4 Rc8 24. g3 Nc5 25. Qa3 Rc7 26. Rb1 Nc8 27. Qb4
Nd6 28. a4 Qf6 29. Kg2 Nd3 30. Qd2 Qc3 31. Qe2 Ne5 32. Rd1 Qb4 33. Rd4 Rc4 34.
Rd5 f6 35. Qd1 Kc7 36. Be2 Rc6 37. Rd4 Qb2 38. Rd2 Qb4 39. Rd4 Qb2 40. Rd2 Qc3
41. Bb5 Ne4 42. Ra2 Rc5 43. Qh5 Qb3 44. Re2 Qd5 45. f3 Nc3 46. Qxh7+ Kb6 47. e4
Qd1 48. Rb2 Qxf3+ 49. Kh3 Qg4+ 50. Kg2 Qf3+ 51. Kh3 Nxb5 52. Rxb5+ Rxb5 53. axb5
Nd3 54. Kh4 Nf2 55. Qd7 Qxe4+ 56. Kh5 Qe5+ 57. Kg6 Ne4 58. g4 Qg5+ 59. Kf7 Nc5
60. Qd8+ Kxb5 61. Qxf6 Qxg4 62. h4 Kc4 63. Qh6 Qf5+ 64. Kg7 Kd5 65. Qd2+ Ke6 66.
Kh8 Kf7 0-1

[Event "1st Qinhuangdao Open"]
[Site "Qinhuangdao CHN"]
[Date "2011.10.03"]
[Round "4"]
[White "Sandipan, Chanda"]
[Black "Batchuluun, Tsegmed"]
[Result "1/2-1/2"]
[WhiteTitle "GM"]
[BlackTitle "IM"]
[WhiteElo "2640"]
[BlackElo "2435"]
[WhiteFideId "5004225"]
[BlackFideId "4900847"]
[EventDate "2011.10.01"]

1. Nf3 Nf6 2. g3 d5 3. Bg2 Bg4 4. c4 Bxf3 5. Bxf3 c6 6. Qb3 Qb6 7. d4 e6 8. O-O
Nbd7 9. Nc3 Be7 10. Rd1 O-O 11. Bf4 Rfe8 12. e4 dxe4 13. Nxe4 Nxe4 14. Bxe4 Qxb3
15. axb3 a6 16. Bf3 Nf6 17. g4 h6 18. h4 Rad8 19. Kg2 Rd7 20. g5 hxg5 21. hxg5
Nh7 22. g6 fxg6 23. d5 cxd5 24. cxd5 Bg5 25. Bg3 exd5 26. Rxd5 Red8 27. Rad1
Rxd5 28. Rxd5 b5 29. Rc5 Bf6 30. Rc6 Ng5 31. Bg4 Ne4 32. Rxa6 Nxg3 33. Kxg3 Rd3+
34. f3 Kf8 35. Ra8+ Kf7 36. Ra7+ Be7 37. Kf4 Rxb3 38. Ke5 Re3+ 39. Kd4 Rb3 40.
Ke5 Re3+ 41. Kd4 Rb3 1/2-1/2

[Event "1st Qinhuangdao Open"]
[Site "Qinhuangdao CHN"]
[Date "2011.10.03"]
[Round "4"]
[White "Ganguly, Surya Shekhar"]
[Black "Yu, Ruiyuan"]
[Result "0-1"]
[WhiteTitle "GM"]
[WhiteElo "2631"]
[BlackElo "2428"]
[WhiteFideId "5002150"]
[BlackFideId "8603090"]
[EventDate "2011.10.01"]

1. d4 d5 2. c4 c6 3. Nf3 Nf6 4. Nc3 dxc4 5. a4 Bf5 6. Ne5 Nbd7 7. Nxc4 Nb6 8.
Ne5 a5 9. f3 Nfd7 10. e4 Nxe5 11. exf5 Nec4 12. Qb3 Nd6 13. g4 g6 14. Bf4 gxf5
15. O-O-O e6 16. Be5 Rg8 17. gxf5 Nxf5 18. Bh3 Bb4 19. Rhg1 Rg6 20. Bxf5 exf5
21. Bg7 Qe7 22. Na2 Qe6 23. Qxe6+ fxe6 24. Nxb4 axb4 25. Rxg6 hxg6 26. b3 Nd5
27. Kb2 Kf7 28. Be5 g5 29. Rg1 Rg8 30. Kc1 Nf6 31. Kd2 g4 32. Ke3 Rh8 33. fxg4
Rh3+ 34. Bg3 Nxg4+ 35. Kf4 Nf6 36. Rc1 Rh6 37. Kf3 Nd5 38. Rg1 Rg6 39. Bf2 Rxg1
40. Bxg1 Nc3 41. Be3 Ne4 42. Kf4 Kf6 43. Kf3 e5 44. dxe5+ Kxe5 45. h4 c5 46. h5
c4 47. bxc4 b3 48. h6 Kf6 49. Kf4 Kg6 50. Bd4 Nc5 51. h7 Ne6+ 52. Ke3 Kxh7 53.
Be5 Kg6 54. Kd3 Nc5+ 55. Kc3 b2 56. Kd4 0-1

[Event "1st Qinhuangdao Open"]
[Site "Qinhuangdao CHN"]
[Date "2011.10.03"]
[Round "4"]
[White "Zhao, Jun"]
[Black "Zeng, Chongsheng"]
[Result "1-0"]
[WhiteTitle "GM"]
[WhiteElo "2587"]
[BlackElo "2413"]
[WhiteFideId "8602522"]
[BlackFideId "8603847"]
[EventDate "2011.10.01"]

1. c4 Nf6 2. Nc3 d5 3. cxd5 Nxd5 4. Nf3 g6 5. Qc2 Bg7 6. e4 Nb6 7. d4 O-O 8. Be3
Be6 9. h4 Bc4 10. h5 Bxf1 11. Kxf1 Nc6 12. hxg6 hxg6 13. e5 Nc4 14. Qe4 Nxe3+
15. fxe3 e6 16. Kg1 Ne7 17. Qh4 Re8 18. Rf1 Nf5 19. Qf4 c5 20. g4 Nxe3 21. Qxe3
cxd4 22. Nxd4 Qb6 23. Qf2 Re7 24. Nf3 Qb4 25. g5 Rc7 26. a3 Qg4+ 27. Qg2 Qf5 28.
Rh4 Rac8 29. Ne4 Bxe5 30. Nxe5 Qxe5 31. Qf2 Rd8 32. Rf4 Rd3 33. Rxf7 Qxe4 34.
Rf8+ 1-0

[Event "1st Qinhuangdao Open"]
[Site "Qinhuangdao CHN"]
[Date "2011.10.03"]
[Round "4"]
[White "Wen, Yang"]
[Black "Jia, Haoxiang"]
[Result "1/2-1/2"]
[WhiteTitle "GM"]
[WhiteElo "2547"]
[BlackElo "2369"]
[WhiteFideId "8602956"]
[BlackFideId "8602999"]
[EventDate "2011.10.01"]

1. d4 d5 2. c4 c6 3. Nf3 Nf6 4. Nc3 dxc4 5. a4 Bf5 6. e3 e6 7. Bxc4 Bb4 8. O-O
Nbd7 9. Qe2 O-O 10. e4 Bg6 11. Bd3 Bh5 12. e5 Nd5 13. Nxd5 cxd5 14. Qe3 Nb8 15.
Bd2 Be7 16. a5 a6 17. Rfc1 Nc6 18. Ne1 Bg6 19. Bf1 Qd7 20. Nd3 Bxd3 21. Bxd3 f5
22. Bc2 Na7 23. Ba4 Nb5 24. Qd3 Rfc8 25. g3 Kf7 26. Kg2 Rc4 27. b3 Rxc1 28. Rxc1
Rc8 29. Bxb5 axb5 30. Rxc8 Qxc8 31. Qxb5 Qc2 32. Bb4 Bxb4 33. Qxb4 Qe4+ 34. Kf1
Qb1+ 35. Ke2 Qc2+ 36. Ke3 Kg6 37. Qb6 Qc3+ 38. Ke2 Qc2+ 39. Ke1 Qc1+ 40. Ke2
Qc2+ 41. Ke3 Qc3+ 42. Ke2 Qc2+ 43. Kf1 Qb1+ 44. Kg2 Qe4+ 1/2-1/2

[Event "1st Qinhuangdao Open"]
[Site "Qinhuangdao CHN"]
[Date "2011.10.03"]
[Round "4"]
[White "Lu, Yijie"]
[Black "Lou, Yiping"]
[Result "1-0"]
[BlackTitle "IM"]
[WhiteElo "2370"]
[BlackElo "2433"]
[WhiteFideId "8604525"]
[BlackFideId "8603928"]
[EventDate "2011.10.01"]

1. e4 c6 2. d4 d5 3. Nd2 dxe4 4. Nxe4 Bf5 5. Ng3 Bg6 6. Nf3 Nd7 7. Bd3 Qc7 8.
Ne2 e6 9. Bf4 Bd6 10. Bxd6 Qxd6 11. Bxg6 hxg6 12. Qd2 Ngf6 13. O-O-O c5 14. Rhe1
O-O 15. Nc3 cxd4 16. Qxd4 Qc6 17. Re3 Rfc8 18. Qh4 Qc4 19. g4 Nb6 20. Nd4 Rd8
21. Rh3 Kf8 22. Re3 Kg8 23. Rh3 Kf8 24. b3 Qc7 25. Kb2 Ke7 26. Qg5 Rac8 27. Ndb5
Qc5 28. Qxc5+ Rxc5 29. Rxd8 Kxd8 30. Nd6 Ke7 31. Nxb7 Rc7 32. Na5 Nxg4 33. f3
Ne3 34. f4 Nbd5 35. Nxd5+ Nxd5 36. Rf3 Nb6 37. Rh3 Nd5 38. Rf3 Rc5 39. Nc4 Kf6
40. Ne5 Rc7 41. c4 Nb6 42. a4 a5 43. Kc3 Kf5 44. Kd4 f6 45. c5 Nd5 46. Nc4 Nxf4
47. Ne3+ Kg5 48. h4+ Kh5 49. Kc4 g5 50. hxg5 Kxg5 51. Kb5 Nd3 52. Rg3+ Kf4 53.
Nd5+ exd5 54. Rxd3 Ke4 55. Rd1 Rb7+ 56. Kxa5 Rxb3 57. Rc1 Ke5 58. c6 Rb8 59. c7
Rc8 60. Kb6 Kd6 61. a5 g5 62. Kb7 1-0

[Event "1st Qinhuangdao Open"]
[Site "Qinhuangdao CHN"]
[Date "2011.10.03"]
[Round "4"]
[White "Yu, Lie"]
[Black "Fang, Yan"]
[Result "1-0"]
[WhiteTitle "IM"]
[WhiteElo "2416"]
[BlackElo "2268"]
[WhiteFideId "8603715"]
[BlackFideId "8604746"]
[EventDate "2011.10.01"]

1. Nf3 c5 2. c4 g6 3. g3 Bg7 4. Bg2 Nc6 5. O-O d6 6. Nc3 e5 7. a3 f5 8. Rb1 a5
9. Ne1 Nge7 10. Nc2 O-O 11. d3 Bd7 12. b4 axb4 13. axb4 cxb4 14. Nxb4 Nxb4 15.
Rxb4 Bc6 16. Qb3 Kh8 17. Nd5 f4 18. gxf4 Nf5 19. fxe5 Nd4 20. Qd1 Ra1 21. Rb2
dxe5 22. e3 Bh6 23. Rd2 Nf5 24. Qe2 Nh4 25. Be4 Bd7 26. Kh1 Bf5 27. f4 Bg7 28.
Rdd1 exf4 29. exf4 Qd7 30. Bb2 Rxd1 31. Rxd1 Re8 32. Bxg7+ Qxg7 33. Qf2 Bxe4+
34. dxe4 g5 35. fxg5 1-0

[Event "1st Qinhuangdao Open"]
[Site "Qinhuangdao CHN"]
[Date "2011.10.03"]
[Round "4"]
[White "Ma, Zhonghan"]
[Black "Wang, Xiaohui"]
[Result "1-0"]
[BlackTitle "WIM"]
[WhiteElo "2394"]
[BlackElo "2210"]
[WhiteFideId "8607206"]
[BlackFideId "8603073"]
[EventDate "2011.10.01"]

1. d4 d5 2. c4 c6 3. Nf3 Nf6 4. Nc3 e6 5. Bg5 h6 6. Bh4 Nbd7 7. e3 Be7 8. Rc1
O-O 9. Bd3 dxc4 10. Bxc4 b5 11. Bd3 Bb7 12. O-O a6 13. Bxf6 Nxf6 14. Ne4 Nd7 15.
Bb1 f5 16. Ng3 c5 17. e4 f4 18. Ne2 Qb6 19. e5 Bxf3 20. Qd3 Bg5 21. Qh7+ Kf7 22.
Bg6+ Ke7 23. Qxg7+ Kd8 24. dxc5 Qc7 25. c6 Bxc6 26. Nd4 Bd5 27. Rxc7 Kxc7 28.
Rc1+ Kd8 29. Be4 Rc8 30. Rxc8+ Kxc8 31. Bxd5 exd5 32. e6 1-0

[Event "1st Qinhuangdao Open"]
[Site "Qinhuangdao CHN"]
[Date "2011.10.03"]
[Round "4"]
[White "Zhang, Xiaowen"]
[Black "Zhang, Hanyu"]
[Result "0-1"]
[WhiteTitle "WGM"]
[WhiteElo "2387"]
[BlackElo "2102"]
[WhiteFideId "8603219"]
[BlackFideId "8607974"]
[EventDate "2011.10.01"]

1. e4 c5 2. Nf3 d6 3. Bc4 Nf6 4. d3 e6 5. Bb3 Be7 6. O-O O-O 7. c3 Nc6 8. Nbd2
b5 9. Re1 e5 10. Nf1 h6 11. Ng3 Re8 12. h3 Bf8 13. Nh2 Na5 14. Bc2 d5 15. Qf3 d4
16. Nf5 Bxf5 17. Qxf5 g6 18. Qf3 Bg7 19. Ng4 Nxg4 20. hxg4 Qf6 21. Qg3 g5 22.
cxd4 cxd4 23. Bd2 Nb7 24. a4 a6 25. Bb3 Nc5 26. Bd5 Nxa4 27. Bxa8 Rxa8 28. Rab1
Rc8 29. Rbc1 Rxc1 30. Bxc1 Bf8 31. f3 Qe6 32. Qf2 Qb3 33. Qe2 Bb4 34. Qd1 Nc5
35. Qxb3 Nxb3 36. Rd1 a5 37. g3 a4 38. f4 exf4 39. gxf4 Bc3 40. bxc3 dxc3 41.
Ba3 c2 42. Re1 b4 43. Bxb4 c1=Q 44. Rxc1 Nxc1 45. fxg5 Nxd3 46. Bd2 hxg5 47.
Bxg5 a3 48. Bf6 Nc5 49. Kg2 Nxe4 50. Be5 a2 51. Kf3 Nc5 52. g5 Kh7 0-1

[Event "1st Qinhuangdao Open"]
[Site "Qinhuangdao CHN"]
[Date "2011.10.03"]
[Round "4"]
[White "Xu, Jialun"]
[Black "Wan, Yunguo"]
[Result "0-1"]
[WhiteElo "2078"]
[BlackElo "2459"]
[WhiteFideId "8607354"]
[BlackFideId "8603189"]
[EventDate "2011.10.01"]

1. e4 c5 2. c3 g6 3. Nf3 Bg7 4. d4 cxd4 5. cxd4 d5 6. e5 Nc6 7. h3 Nh6 8. Nc3
O-O 9. Be2 f6 10. exf6 Rxf6 11. Ne5 Nf5 12. Nxd5 Rd6 13. Nxc6 bxc6 14. Nf4 Nxd4
15. Bc4+ Kh8 16. Qa4 Bf5 17. O-O e5 18. Ne2 Qh4 19. Nxd4 Rxd4 20. b3 Bxh3 21.
Qxc6 Bxg2 22. Qxg2 Rg4 23. Bd5 e4 24. Bxa8 Rxg2+ 25. Kxg2 Qg4+ 26. Kh1 Qh3+ 27.
Kg1 Be5 28. f4 Bd4+ 29. Rf2 Qg3+ 0-1

[Event "1st Qinhuangdao Open"]
[Site "Qinhuangdao CHN"]
[Date "2011.10.03"]
[Round "4"]
[White "Mu, Ke"]
[Black "Huang, Qian"]
[Result "1-0"]
[BlackTitle "WGM"]
[WhiteElo "2278"]
[BlackElo "2421"]
[WhiteFideId "8602778"]
[BlackFideId "8602689"]
[EventDate "2011.10.01"]

1. Nf3 Nf6 2. d4 g6 3. g3 Bg7 4. Bg2 O-O 5. O-O d5 6. c4 dxc4 7. Ne5 c6 8. Nc3
Be6 9. e4 Nbd7 10. f4 Nxe5 11. fxe5 Nd7 12. Be3 Qa5 13. Qe2 Rad8 14. Kh1 Nb6 15.
Qc2 Nd7 16. h3 b5 17. a3 Nb6 18. Rad1 Bc8 19. Rf2 Nd7 20. Bg5 f6 21. exf6 exf6
22. Bf4 Rfe8 23. g4 Nf8 24. d5 c5 25. e5 fxe5 26. Bg5 Rd6 27. Ne4 Qc7 28. Rdf1
Bb7 29. Rf7 Rd7 30. Rxg7+ Kxg7 31. Nf6 Ree7 32. Qd2 Qc8 33. Nxd7 1-0

[Event "1st Qinhuangdao Open"]
[Site "Qinhuangdao CHN"]
[Date "2011.10.04"]
[Round "5"]
[White "Nguyen, Ngoc Truong Son"]
[Black "Zhou, Weiqi"]
[Result "1/2-1/2"]
[WhiteTitle "GM"]
[BlackTitle "GM"]
[WhiteElo "2644"]
[BlackElo "2598"]
[WhiteFideId "12401110"]
[BlackFideId "8601674"]
[EventDate "2011.10.01"]

1. Nf3 Nf6 2. g3 d5 3. Bg2 c6 4. O-O Bf5 5. d3 e6 6. c4 dxc4 7. dxc4 Qxd1 8.
Rxd1 Nbd7 9. Nc3 h6 10. b3 Bb4 11. Bb2 O-O 12. Ne1 Rfd8 13. Nd3 Ba5 14. Rac1 Bb6
15. Na4 Bxd3 16. Rxd3 Nc5 17. Rxd8+ Rxd8 18. Nxb6 axb6 19. Bc3 Ra8 20. Rc2 Nce4
21. Be1 Rd8 22. Rc1 Nc5 23. Bc3 Ra8 24. Rc2 Nce4 25. Be1 Rd8 26. Rc1 Nc5 27. Bc3
Ra8 28. Rc2 Nce4 29. Be1 Rd8 30. f3 Rd1 31. Kf1 Nc5 32. Kf2 Nce4+ 33. Kf1 Nc5
34. b4 Na4 35. e4 Rb1 36. e5 Ne8 37. Ke2 Kf8 38. f4 Nc7 39. b5 cxb5 40. cxb5
Nxb5 41. Rc4 Rb2+ 42. Kf1 Rxa2 43. Bb4+ Nc5 44. Bxc5+ bxc5 45. Rxc5 Nd4 46. Rc8+
Ke7 47. Rc7+ Kf8 48. Rc8+ Ke7 49. Rc7+ 1/2-1/2

[Event "1st Qinhuangdao Open"]
[Site "Qinhuangdao CHN"]
[Date "2011.10.04"]
[Round "5"]
[White "Yu, Ruiyuan"]
[Black "Bu, Xiangzhi"]
[Result "1/2-1/2"]
[BlackTitle "GM"]
[WhiteElo "2428"]
[BlackElo "2666"]
[WhiteFideId "8603090"]
[BlackFideId "8601445"]
[EventDate "2011.10.01"]

1. e4 e5 2. Nf3 d6 3. d4 exd4 4. Nxd4 Nf6 5. Nc3 Be7 6. g3 O-O 7. Bg2 Re8 8. O-O
Bf8 9. b3 Bd7 10. Bb2 Nc6 11. Qd2 Nxd4 12. Qxd4 Bc6 13. Rfe1 Nd7 14. Rad1 a5 15.
Nd5 Bxd5 16. Qxd5 c6 17. Qd2 a4 18. Bc3 axb3 19. axb3 Nc5 20. Bd4 Ne6 21. Ra1
Nxd4 22. Qxd4 Qe7 23. Rxa8 Rxa8 24. Ra1 Rxa1+ 25. Qxa1 Qe5 26. Qxe5 dxe5 27. Kf1
Bc5 28. Bh3 Bd4 29. Ke2 Kf8 30. Bc8 b6 31. Bb7 1/2-1/2

[Event "1st Qinhuangdao Open"]
[Site "Qinhuangdao CHN"]
[Date "2011.10.04"]
[Round "5"]
[White "Ding, Liren"]
[Black "Lu, Shanglei"]
[Result "1-0"]
[WhiteTitle "GM"]
[BlackTitle "IM"]
[WhiteElo "2659"]
[BlackElo "2517"]
[WhiteFideId "8603677"]
[BlackFideId "8603332"]
[EventDate "2011.10.01"]

1. Nf3 Nf6 2. c4 e6 3. d4 d5 4. Nc3 dxc4 5. Qa4+ Nc6 6. a3 a6 7. Qxc4 Qd7 8. Bg5
b5 9. Qd3 Bb7 10. e3 Be7 11. Qc2 h6 12. Bxf6 gxf6 13. Be2 f5 14. O-O Rg8 15.
Rfd1 Bd6 16. d5 Ne7 17. e4 exd5 18. Nxd5 Nxd5 19. exd5 f4 20. Nd2 O-O-O 21. Bf3
Kb8 22. a4 Rg5 23. Ne4 Re5 24. axb5 Qxb5 25. Rd3 Rde8 26. Rb3 Qxd5 27. Nd2 Re1+
28. Rxe1 Rxe1+ 29. Nf1 Rc1 30. Rxb7+ 1-0

[Event "1st Qinhuangdao Open"]
[Site "Qinhuangdao CHN"]
[Date "2011.10.04"]
[Round "5"]
[White "Zhang, Ziyang"]
[Black "Pantsulaia, Levan"]
[Result "0-1"]
[WhiteTitle "IM"]
[BlackTitle "GM"]
[WhiteElo "2414"]
[BlackElo "2614"]
[WhiteFideId "8601682"]
[BlackFideId "13602071"]
[EventDate "2011.10.01"]

1. d4 Nf6 2. c4 e6 3. Nf3 a6 4. Nc3 c5 5. e4 cxd4 6. Nxd4 Qc7 7. a3 b6 8. Be3
Bb7 9. f3 Be7 10. Rc1 O-O 11. Be2 Nc6 12. Nd5 exd5 13. cxd5 Bd6 14. Nf5 Be5 15.
Qb3 b5 16. dxc6 dxc6 17. O-O Bxh2+ 18. Kh1 Bf4 19. g3 Bxe3 20. Qxe3 Kh8 21. Qg5
Rg8 22. Rfd1 Bc8 23. Nxg7 Nd7 24. Qf4 Qxf4 25. gxf4 Kxg7 26. Rxc6 Kf8 27. f5 Ke7
28. a4 bxa4 29. e5 Nxe5 30. f6+ Ke8 31. Rc7 Nd7 32. Bxa6 Kd8 0-1

[Event "1st Qinhuangdao Open"]
[Site "Qinhuangdao CHN"]
[Date "2011.10.04"]
[Round "5"]
[White "Wang, Chen"]
[Black "Zhao, Jun"]
[Result "1-0"]
[WhiteTitle "IM"]
[BlackTitle "GM"]
[WhiteElo "2454"]
[BlackElo "2587"]
[WhiteFideId "8601020"]
[BlackFideId "8602522"]
[EventDate "2011.10.01"]

1. e4 c5 2. Nf3 e6 3. b3 b6 4. d4 cxd4 5. Nxd4 Bb7 6. Nb5 Nf6 7. Bf4 Na6 8. N1c3
Rc8 9. e5 Ne4 10. Nxe4 Bxe4 11. Nd6+ Bxd6 12. Qxd6 Nb8 13. Bd3 Rc6 14. Qd4 Bxd3
15. Qxd3 Qh4 16. Qd2 g5 17. Be3 Qe4 18. O-O-O O-O 19. Bd4 Rfc8 20. c3 Qg6 21. h4
g4 22. h5 Qf5 23. f3 Kh8 24. fxg4 Qxg4 25. Rdf1 Rg8 26. Rxf7 Qxg2 27. Qxg2 Rxg2
28. Rf8+ Rg8 29. Rxg8+ Kxg8 30. Rg1+ Kf8 31. h6 Rc7 32. c4 Nc6 33. Bb2 Ne7 34.
Ba3 Ke8 35. Bxe7 Kxe7 36. Rg7+ Kf8 37. Kd2 a6 38. Rxh7 b5 39. Kd3 bxc4+ 40. bxc4
Kg8 41. Rg7+ Kh8 42. Kd4 a5 43. a4 Rb7 44. Kc5 Rb4 45. Rxd7 Rxa4 46. Ra7 Ra1 47.
Kd6 a4 48. c5 a3 49. c6 a2 50. c7 Rd1+ 51. Kxe6 Rc1 52. Rxa2 Rxc7 53. Kd6 Rc1
54. e6 Rd1+ 55. Kc7 Re1 56. Ra6 Kh7 57. Kd7 Rd1+ 58. Rd6 1-0

[Event "1st Qinhuangdao Open"]
[Site "Qinhuangdao CHN"]
[Date "2011.10.04"]
[Round "5"]
[White "Xiu, Deshun"]
[Black "Xu, Jun"]
[Result "1/2-1/2"]
[WhiteTitle "GM"]
[BlackTitle "GM"]
[WhiteElo "2540"]
[BlackElo "2500"]
[WhiteFideId "8603693"]
[BlackFideId "8600031"]
[EventDate "2011.10.01"]

1. d4 Nf6 2. c4 e6 3. Nc3 Bb4 4. Qc2 c5 5. dxc5 Bxc5 6. Nf3 Qb6 7. e3 Qc7 8. a3
a6 9. Bd3 b6 10. b4 Be7 11. Bb2 d6 12. Ne4 Nbd7 13. Rc1 Bb7 14. Neg5 h6 15. Bg6
O-O 16. Bh7+ Kh8 17. h4 Rac8 18. Bg6 Kg8 19. Bh7+ Kh8 20. Bg6 Kg8 21. Bh7+ Kh8
22. Ra1 1/2-1/2

[Event "1st Qinhuangdao Open"]
[Site "Qinhuangdao CHN"]
[Date "2011.10.04"]
[Round "5"]
[White "Li, Chao b"]
[Black "Tan, Zhongyi"]
[Result "1-0"]
[WhiteTitle "GM"]
[BlackTitle "WGM"]
[WhiteElo "2710"]
[BlackElo "2429"]
[WhiteFideId "8604436"]
[BlackFideId "8603642"]
[EventDate "2011.10.01"]

1. d4 Nf6 2. c4 g6 3. Nc3 Bg7 4. e4 d6 5. h3 O-O 6. Bg5 c5 7. d5 e6 8. Nf3 exd5
9. cxd5 a6 10. Bd3 b5 11. O-O Nbd7 12. Qd2 Re8 13. Rfe1 Bb7 14. a3 Rc8 15. Rad1
Ne5 16. Nxe5 dxe5 17. Rc1 Qa5 18. a4 b4 19. Nd1 Qxa4 20. Ne3 h6 21. Bxf6 Bxf6
22. Ng4 Bg5 23. Nxh6+ Bxh6 24. Qxh6 Qd7 25. Bc4 Qd6 26. Ra1 Re7 27. Re3 Qf6 28.
Rf3 Qg7 29. Qg5 Rd7 30. Rf6 Re8 31. h4 Qh7 32. Ra5 Rc8 33. Qg4 Rcd8 34. Rxc5 Qh6
35. Qg5 Qxg5 36. hxg5 Ra8 37. Rb6 Kf8 38. Rxb4 Ke7 39. Rb6 Kd8 40. b4 Bc8 41. d6 1-0

[Event "1st Qinhuangdao Open"]
[Site "Qinhuangdao CHN"]
[Date "2011.10.04"]
[Round "5"]
[White "Yu, Lie"]
[Black "Sandipan, Chanda"]
[Result "1/2-1/2"]
[WhiteTitle "IM"]
[BlackTitle "GM"]
[WhiteElo "2416"]
[BlackElo "2640"]
[WhiteFideId "8603715"]
[BlackFideId "5004225"]
[EventDate "2011.10.01"]

1. d4 d5 2. c4 c6 3. Nf3 Nf6 4. Nc3 e6 5. cxd5 exd5 6. Bg5 Be7 7. e3 Bf5 8. Bxf6
Bxf6 9. Bd3 Bxd3 10. Qxd3 Nd7 11. b4 a6 12. O-O Be7 13. Rab1 O-O 14. a4 Nb6 15.
Nd2 Re8 16. Rfd1 Bd6 17. a5 Nd7 18. e4 dxe4 19. Ndxe4 Nf6 20. h3 Qe7 21. Nc5
Rad8 22. Qf3 Bb8 23. g3 Nd5 24. Nxd5 Rxd5 25. Rb3 Ba7 26. Re3 Qf8 27. Rxe8 Qxe8
28. Qe3 Qxe3 29. fxe3 Bxc5 30. bxc5 f5 31. Kf2 Kf7 32. g4 g6 33. gxf5 gxf5 34.
Kf3 Kf6 35. Kf4 Rd7 36. e4 fxe4 37. Kxe4 Kg5 38. Ke5 Kh4 39. Rd3 h5 40. Rb3 Rd5+
41. Ke4 Rd7 42. Ke5 Rd5+ 43. Ke4 Rd7 1/2-1/2

[Event "1st Qinhuangdao Open"]
[Site "Qinhuangdao CHN"]
[Date "2011.10.04"]
[Round "5"]
[White "Wu, Wenjin"]
[Black "Wen, Yang"]
[Result "1/2-1/2"]
[WhiteTitle "GM"]
[BlackTitle "GM"]
[WhiteElo "2387"]
[BlackElo "2547"]
[WhiteFideId "8600716"]
[BlackFideId "8602956"]
[EventDate "2011.10.01"]

1. d4 Nf6 2. c4 g6 3. Nc3 Bg7 4. e4 d6 5. f3 O-O 6. Nge2 c6 7. Bg5 a6 8. Qd2 b5
9. Ng3 Nbd7 10. Bh6 Bxh6 11. Qxh6 Qa5 12. h4 e5 13. d5 cxd5 14. cxd5 Nc5 15. h5
Ra7 16. Kf2 b4 17. Nd1 Nb3 18. axb3 Qxa1 19. Be2 Qa5 20. Ne3 Qb6 21. Rc1 Rc7 22.
Rc6 Rxc6 23. dxc6 d5 24. exd5 Nxd5 25. hxg6 hxg6 26. Bc4 Qxe3+ 27. Qxe3 Nxe3 28.
Kxe3 Rd8 29. Ne4 Kg7 30. Ng5 Rd4 31. g3 Rd6 32. Nxf7 Rxc6 33. Nxe5 Rd6 34. f4
Kf6 35. g4 g5 36. Nf3 Bxg4 37. Nxg5 Ke7 38. Ne4 Rh6 39. Kd4 a5 40. Kc5 Bd7 41.
Ng5 Rf6 42. Nf7 Be8 43. Ne5 Rxf4 44. Bd3 Rh4 45. Nc4 Rh5+ 46. Kb6 Bb5 47. Bg6
Rg5 48. Nxa5 Be2 49. Nc6+ Kd6 50. Nd4 Bf1 51. Bf7 Bd3 52. Bc4 Be4 53. Nb5+ Ke5
54. Kc5 Rg2 55. Kxb4 Rxb2 56. Nc3 Bf5 57. Na4 Rb1 58. Nc3 1/2-1/2

[Event "1st Qinhuangdao Open"]
[Site "Qinhuangdao CHN"]
[Date "2011.10.04"]
[Round "5"]
[White "Jia, Haoxiang"]
[Black "Gundavaa, Bayarsaikhan"]
[Result "0-1"]
[BlackTitle "IM"]
[WhiteElo "2369"]
[BlackElo "2467"]
[WhiteFideId "8602999"]
[BlackFideId "4901045"]
[EventDate "2011.10.01"]

1. d4 Nf6 2. Nf3 e6 3. c4 d5 4. Nc3 Bb4 5. cxd5 exd5 6. Bg5 Nbd7 7. e3 c5 8.
dxc5 Qa5 9. Rc1 Bxc3+ 10. bxc3 O-O 11. Bxf6 Nxf6 12. Bd3 Qxa2 13. Nd4 Ne4 14.
O-O Qa3 15. c6 bxc6 16. Nxc6 Qc5 17. Nd4 Nd6 18. Qc2 h6 19. c4 dxc4 20. Bxc4
Nxc4 21. Qa2 Qa5 22. Qxc4 Ba6 23. Qc6 Bxf1 24. Rxf1 Qb6 25. Qxb6 axb6 26. Rb1
Rfb8 27. g3 Kf8 28. Kg2 g6 29. h4 h5 30. Rb2 Ke8 31. Kf3 Ra4 32. Ke4 Ke7 33. Rb5
Kf6 34. Rb2 Ke7 35. Rb5 Kf6 36. Kf3 Ra5 37. Rb3 Rc5 38. Ke4 b5 39. Kd3 b4 40.
Nc2 Rd5+ 41. Nd4 Ra5 42. Kc4 Rc8+ 43. Kxb4 Ra2 44. f4 Rb8+ 45. Nb5 Kf5 46. Kc5
Ra5 47. Kc4 Raxb5 48. Rxb5+ Rxb5 49. Kxb5 Ke4 50. Kc5 f5 51. Kd6 Kxe3 52. Ke6
Kf3 53. Kf6 Kxg3 54. Kxg6 Kg4 0-1

[Event "1st Qinhuangdao Open"]
[Site "Qinhuangdao CHN"]
[Date "2011.10.04"]
[Round "5"]
[White "Zhang, Hanyu"]
[Black "Ma, Qun"]
[Result "1/2-1/2"]
[WhiteElo "2102"]
[BlackElo "2455"]
[WhiteFideId "8607974"]
[BlackFideId "8603154"]
[EventDate "2011.10.01"]

1. d4 d5 2. c4 c6 3. Nf3 Nf6 4. Nc3 dxc4 5. a4 Bf5 6. e3 e6 7. Bxc4 Bb4 8. O-O
Nbd7 9. Qe2 Bg6 10. Ne5 Nxe5 11. dxe5 Nd7 12. f4 Nb6 13. Rd1 Qh4 14. g3 Qh5 15.
Qxh5 Bxh5 16. Be2 Bxe2 17. Nxe2 Rd8 18. Rxd8+ Kxd8 19. b3 Kc7 20. Bb2 Rd8 21.
Bd4 Nc8 22. Rc1 b6 23. Bc3 Bc5 24. Kf2 h5 25. b4 Be7 26. Nd4 Kb7 27. Ke2 c5 28.
bxc5 Bxc5 29. Nb3 Bf8 30. Nd2 a6 31. Rb1 Rd7 32. Bd4 Rc7 33. Kd3 a5 34. h3 Bb4
35. Ne4 Ka6 36. g4 hxg4 37. hxg4 Ne7 38. Nd6 Nd5 39. Nb5 Rd7 40. Rc1 g6 41. Ke4
Ne7 42. Rh1 Nc6 43. f5 gxf5+ 44. gxf5 Na7 45. Nxa7 1/2-1/2